|
|
|
|
| LEADER |
00671nab a2200181 i 4500 |
| 001 |
misc42926 |
| 005 |
20191106140407.0 |
| 008 |
180720s2017 hu o 0|| zxx d |
| 022 |
|
|
|a 1215-5233
|
| 040 |
|
|
|a SZTE Miscellanea Repozitórium
|b hun
|
| 041 |
|
|
|a zxx
|
| 100 |
1 |
|
|a Probáld Ferenc
|
| 245 |
1 |
2 |
|a A földrajz tantervi helyzetének változásai
|h [elektronikus dokumentum] /
|c Probáld Ferenc
|
| 260 |
|
|
|c 2017
|
| 300 |
|
|
|a 48-55
|
| 490 |
0 |
|
|a Iskolakultúra
|v 27 No. 1-12
|
| 695 |
|
|
|a Földrajz tanítása - általános iskola, Tanterv - földrajz - általános iskola
|
| 856 |
4 |
0 |
|u http://misc.bibl.u-szeged.hu/42926/1/iskolakultura_2017_001_012_048-055.pdf
|z Dokumentum-elérés
|